00865cam a22002173a 450000100060000000300060000600500170001200800410002904000150007004200070008505000090009210000390010124502520014026000290039250600300042151600200045165300560047165300490052783000290057685600420060521990PGUSA20140828083452.0070703s2007||||xxu|||||s|||||000 | eng d aPGUSAbeng adc 4aE2011 aJohnston, Henry Phelps,d1842-192314aThe Campaign of 1776 around New York and Brooklyn :bIncluding a new and circumstantial account of the battle of Long island and the loss of New York, with a review of events to the close of the yearh[electronic resource] /cHenry Phelps Johnston bProject Gutenberg,c2007 aPublic domain in the USA. aElectronic text aNew York (N.Y.) -- History -- Revolution, 1775-1783 aLong Island, Battle of, New York, N.Y., 1776 0aProject Gutenbergv2199040uhttp://www.gutenberg.org/ebooks/21990